| 000 -ლიდერი |
| ფიქსირებული სიგრძის საკონტროლო ველი |
02269nam a22002537a 4500 |
| 003 - საკონტროლო ნომრის იდენტიფიკატორი |
| საკონტროლო ველი |
Ge_BSU |
| 005 - ბოლო ოპერაციის თარიღი და დრო |
| საკონტროლო ველი |
20220506123810.0 |
| 008 - ფიქსირებული სიგრძის მონაცემთა ელემენტები - ზოგადი ინფორმაცია |
| ფიქსირებული სიგრძის საკონტროლო ველი |
220506s2021 ge ||||| |||| 00| 0 geo d |
| 020 ## - წიგნის საერთაშორისო სტანდარტული ნომერი |
| International Standard Book Number |
9789941978470 |
| 041 ## - ენის კოდი |
| Language code of text/sound track or separate title |
geo |
| 080 ## - უნივერსალური ათობითი კლასიფიკაციის ინდექსი |
| Universal Decimal Classification number |
903.2(479.223) კ-36 |
| 100 ## - მთავარი ჩანაწერი - პიროვნების სახელი |
| Personal name |
კახიძე, ამირან |
| 9 (RLIN) |
13708 |
| 245 ## - ცნობა სათაურის შესახებ |
| Title |
ფერადი ლითონების მეტალურგიასთან დაკავშირებული ახლადაღმოჩენილი კულტურა : |
| Remainder of title |
(ნოვაციები, გავრცელების არეალი, ძირითადი მახასითებლები, პერსპექტივები. ძვ. წ. V-II ათასწლეული) |
| Statement of responsibility, etc |
ამირან კახიძე; მთარგმნელი ნინო გაბუნია; აჭარის ავტონომიური რესპუბლიკის განათლების, კულტურისა და სპორტის სამინისტრო. აჭარის კულტურული მემკვიდრეობის დაცვის სააგენტო. ბათუმის არქეოლოგიური მუზეუმი. |
| 264 ## - წარმოების, გამოცემის, დისტრიბუციის და სხვა ცნობები |
| გამოცემის, წარმოების, დისტრიბუციის... ადგილი |
ბათუმი, |
| გამოცემის, წარმოების, დისტრიბუციის... თარიღი |
2021. |
| 300 ## - ფიზიკური აღწერა |
| Extent |
288 გვ.: |
| Other physical details |
ილ.; |
| Dimensions |
30 სმ. |
| 501 ## - შენიშვნა თანმხლებ მასალაზე |
| With note |
ილუსტრაციები გვ. 217-288 |
| 504 ## - BIBLIOGRAPHY, ETC. NOTE |
| Bibliography, etc |
ბიბლიოგრ. გვ. 207-212 |
| 546 ## - LANGUAGE NOTE |
| Language note |
პარალ. სათ. ინგლისურ ენაზე |
| 653 ## - INDEX TERM--UNCONTROLLED |
| Uncontrolled term |
არქეოლოგია |
| 653 ## - INDEX TERM--UNCONTROLLED |
| Uncontrolled term |
ფერადი ლითონები |
| 700 ## - ADDED ENTRY--PERSONAL NAME |
| Personal name |
გაბუნია, ნინო |
| Relator term |
მთარგმნელი |
| 9 (RLIN) |
7649 |
| 710 ## - ADDED ENTRY--CORPORATE NAME |
| Corporate name or jurisdiction name as entry element |
აჭარის ავტონომიური რესპუბლიკის განათლების, კულტურისა და სპორტის სამინისტრო. აჭარის კულტურული მემკვიდრეობის დაცვის სააგენტო. |
| Subordinate unit |
ბათუმის არქეოლოგიური მუზეუმი. |
| 9 (RLIN) |
13709 |
| 942 ## - ADDED ENTRY ELEMENTS (KOHA) |
| Source of classification or shelving scheme |
|
| Koha item type |
წიგნი |